Atlas of human anatomy / (Record no. 15315)

MARC details
000 -LEADER
fixed length control field 00701cam a22002172 4500
001 - CONTROL NUMBER
control field 0000025562
005 - DATE AND TIME OF LATEST TRANSACTION
control field 20151217161206.0
008 - FIXED-LENGTH DATA ELEMENTS--GENERAL INFORMATION
fixed length control field 151104s xx 000 0 eng d
020 ## - INTERNATIONAL STANDARD BOOK NUMBER
International Standard Book Number 1416033858 :
040 ## - CATALOGING SOURCE
Original cataloging agency KABU
Transcribing agency KABU
100 1# - MAIN ENTRY--PERSONAL NAME
Personal name Netter, Frank H.,
Dates associated with a name 1906-1991.
245 10 - TITLE STATEMENT
Title Atlas of human anatomy /
Statement of responsibility, etc. Frank H. Netter.
250 ## - EDITION STATEMENT
Edition statement 4th ed.
260 ## - PUBLICATION, DISTRIBUTION, ETC. (IMPRINT)
Place of publication, distribution, etc. Philadelphia, PA :
Name of publisher, distributor, etc. Saunders,
Date of publication, distribution, etc. 2006.
300 ## - PHYSICAL DESCRIPTION
Extent 3 v. (various pagings) :
Other physical details ill.
650 #0 - SUBJECT ADDED ENTRY--TOPICAL TERM
Topical term or geographic name as entry element Human anatomy
General subdivision Atlases.
908 ## - PUT COMMAND PARAMETER (RLIN)
Put command parameter 151104
Holdings
Withdrawn status Lost status Source of classification or shelving scheme Not for loan Home library Current library Shelving location Date acquired Total Checkouts Full call number Barcode Date last seen Price effective from Koha item type
    Library of Congress Classification Not For Loan Kabarak, Main Campus Kabarak, Main Campus Reference 17/12/2015   QM25 .N48 2006 c. 1 021721 07/08/2018 17/12/2015 Reference
    Library of Congress Classification Not For Loan Kabarak, Main Campus Kabarak, Main Campus   17/12/2015   QM25 .N48 2006 c. 3 021722 24/11/2020 17/12/2015 Reference
    Library of Congress Classification Not For Loan Kabarak, Main Campus Kabarak, Main Campus   17/12/2015   QM25 .N48 2006 c. 2 021723 31/10/2017 17/12/2015 Reference
Designed with assistance from East African Informatics Ltd